header

Oral literature of the Embu and Mbeere (Record no. 257731)

MARC details
000 -LEADER
fixed length control field 00495nam a22001817a 4500
003 - CONTROL NUMBER IDENTIFIER
control field OSt
005 - DATE AND TIME OF LATEST TRANSACTION
control field 20190912162606.0
008 - FIXED-LENGTH DATA ELEMENTS--GENERAL INFORMATION
fixed length control field 190912b xxu||||| |||| 00| 0 eng d
010 ## - LIBRARY OF CONGRESS CONTROL NUMBER
LC control number 98981033
020 ## - INTERNATIONAL STANDARD BOOK NUMBER
International Standard Book Number 9966464077
040 ## - CATALOGING SOURCE
Transcribing agency n/a
050 ## - LIBRARY OF CONGRESS CALL NUMBER
Classification number GR356.42
Item number .E45 S95 1997
100 ## - MAIN ENTRY--PERSONAL NAME
Personal name Chesaina, Ciarunji.
245 ## - TITLE STATEMENT
Title Oral literature of the Embu and Mbeere
260 ## - PUBLICATION, DISTRIBUTION, ETC. (IMPRINT)
Place of publication, distribution, etc Nairobi :
Name of publisher, distributor, etc East African Educational Publishers,
Date of publication, distribution, etc 1997.
300 ## - PHYSICAL DESCRIPTION
Extent xiii, 211 p.
Dimensions ; 21 cm.
942 ## - ADDED ENTRY ELEMENTS (KOHA)
Source of classification or shelving scheme Library of Congress Classification
Koha item type Short Loan Books
Holdings
Withdrawn status Lost status Source of classification or shelving scheme Damaged status Not for loan Collection code Home library Current library Shelving location Date acquired Total Checkouts Full call number Barcode Date last seen Price effective from Koha item type
    Library of Congress Classification     Fiction Rongo University Library Rongo University Library Fiction 12/09/2019   GR356.42 .E45 S95 1997 201700605 12/09/2019 12/09/2019 Long Loan Books
    Library of Congress Classification     Fiction Rongo University Library Rongo University Library Fiction 12/09/2019   GR356.42 .E45 S95 1997 201700606 12/09/2019 12/09/2019 Long Loan Books

© 2026 Rongo University
Contact us: librarian | system librarian | Rongo university